LEADER 01144nam a2200277 a 4500 001 000000134589 003 CaOOAMICUS 005 20130625141130.0 008 130625s1966 fr u000 u fre r 020 $a2-08-070117-7 040 $aPUL$bita 100 1 $aRousseau, Jean-Jacques,$d1712-1778.$0(OLS)http://pul/name/9887 245 10$aEmile ou De l'éducation /$cJean-Jacques Rousseau ; édition établie par Michel Launay. 260 $aParis :$bGarnier-Flammarion,$cc1966. 300 $a629 p. ;$c18 cm 490 1 $aGarnier-Flammarion.$aTexte intégral ;$v117 700 1 $aLaunay, Michel.$0(OLS)http://pul/name/86726 830 0$aGarnier-Flammarion.$pTexte intégral ;$v117.$0(OLS)http://pul/title/70155 850 $aPUL 852 $aPUL$W1$xDP1 Fondo E. Rossi$y115$m1 R 66$j154793$qFondi$B154317$CPULBib$Z2$F154317 $82 941 1 $a1 961 $aSul dorso collocazione ms. di E. Rossi: R 30 1 996 $6020$a2-08-070117-7$9(OLS)http://pul/number/153120 996 $6245$aEmile ou De l'éducation$9(OLS)http://pul/title/170193 996 $6260$aParis :$bGarnier-Flammarion$9(OLS)http://pul/publisher/68250 LEADER 01566nam a2200313 u 4500 001 000000016656 003 CaOOAMICUS 005 20070226110022.0 008 941216s1958 it u000 u spa u 035 $a10389650 040 $aPUL$bita$dPUL(R) 100 1 $aJiménez y Urresti, Teodoro Ignacio,$csac.$0(OLS)http://pul/name/15120 245 10$aEstado e Iglesia :$blaicidad y confesionalidad del Estado y del derecho /$cTheodorus Ign. Jimenez et Urresti. 260 $aRomae :$bPontificium Athenaeum Lateranense,$c1958. 300 $axxxi, 493 p. ;$c24 cm 490 1 $aPontificium Institutum utriusque iuris. Theses ad lauream ;$v126 502 $aThesis -- Pont. Athenaeum Lateranense. 504 $aBibliografia: p. 447-481. 650 4$aChiesa e stato.$0(OLS)http://pul/subject/960 830 0$aTheses ad lauream in utroque iure (Pontificia Università Lateranense) ;$v126.$0(OLS)http://pul/title/448 850 $aPUL 852 $aPUL$W1$xDP1 Fondo Maccarrone$y58$m1514 E 13$j23444$nBK-PRI$b $qFondi$B23444$CPULBib$Z2$F23444 $H $81 852 $aPUL$W1$xDP1 Tesi Pon Univ. Lateranense$y41$mTH PUL.IUS 126$j23445$nBK-PRI$b $qTesi$B23445$CPULBib$Z2$F23445 $H $81 941 1 $a1 941 1 $a16 960 $aStato e Chiesa$9960 961 $aINV: 3375.F.Maccarrone 996 $6245$aEstado e Iglesia :$blaicidad y confesionalidad del Estado y del derecho$9(OLS)http://pul/title/23774 996 $6260$aRomae :$bPontificium Athenaeum Lateranense$9(OLS)http://pul/publisher/49489